1794 1822 1291 1332 1541 1915 1499 1530 1690 1928 1924 1228 1864 1957 1648 1350 1778 1642 1822 1312 1589 1698 1657 1445 1848 1768 1222 1389 1021 1149 1689 1110 1670 1535 1727 1854 1073 1404 1780 1077 1222 1399 1841 1530 1133 1532 1178 1287 1395 1340 1670 1438 1746 1474 1691 1153 1397 1357 1340 1101 1567 1294 1275 1593 1404 1793 1127 1818 1074 1398 1844 1678 1104 1480 1923 1917 1214 1234 1793 1160 1761 1271 1185 1760 1381 1024 1710 1467 1738 1258 1528 1150 1386 1232 1212 1376 1347 1861 1737 BCNSPRNW ULIB Ver.6.0+V

เปลี่ยนเป็นภาษาไทย

Change to English
 แสดงรายละเอียดบรรณานุกรม
  กลับหน้าหลัก

Brief Record : Get Marc (ISO 2709) : E-mail record : QR code < ปิดหน้าต่าง
LEADER : 00000nam 2200000uu 4500
001    13399112802
003     ULIB
008    110627s2552||||th 000 0 tha d
020    9786110600620
090    นว.^bว486ล 2552
100 0  วาลินา
245 00 เล่ห์จันทร์สลับใจ/^cวาลินา
250    พิมพ์ครั้งที่ 2
260    กรุงเทพฯ :^bแจ่มใส,^c2552
300    414 หน้า
710 1  แจ่มใส
945    ^p249^l0^i026037
995    ทศพร
999 ^a ใช้งานได้ทุกระบบ
รายการนี้ยังไม่มีแท็ก
คุณยังไม่ได้ล็อกอิน คุณสามารถมีกิจกรรมร่วมกับเว็บไซต์ได้ แต่ต้องล็อกอินก่อน ::
  ล็อกอิน

รายการสื่อสารสนเทศ

ลำดับที่ ประเภท เลขเรียก/บาร์โค้ด สถานที่ สถานะ
- ไม่พบข้อมูล -

BibComment


ยังไม่เคยถูกคอมเมนท์

คอมเมนท์ทรัพยากรรายการนี้
  คอมเมนท์: เล่ห์จันทร์สลับใจ..


 Copyright 2026. Bcnsprnw @Library